000 00663aas a2200193 4500
999 _c61059
_d61059
001 768714001
003 CO-MdFUSB
005 20170829154637.0
008 170829s2005 xxu||||| |||| 00| 0 eng d
022 _a0120-3649
040 _aCO-MdFUSB
_bspa
_cCO-MdFUSB
_dCO-MdFUSB
041 _aeng
100 1 _aKing, Philip J.
_eautor
245 1 0 _aWhy lachish matters :
_ba major site gets the publication it deserves
_c/ King, Philip J.
300 _aVolumen 31. Número 4 (2005), páginas 36-47
_c: 28 cm.
546 _aTexto en inglés
773 0 _tBiblical Archaeology Review
_049395
_959452
_gVolumen 31. Número 4 (2005), páginas 36-47
_qPágina 36
942 _cANA